Der Hochverrat des Amtmanns Povel Juel : Ein mikrohistorischer Streifzug durch Europas Norden der Frühen Neuzeit.

Bibliographic Details
Main Author: Schaad, Martin.
Format: eBook
Language:German
Published: Bielefeld : transcript, 2020.
Edition:1st ed.
Series:Histoire
Subjects:
Online Access:Click to View
LEADER 02421nam a22003853i 4500
001 EBC6756927
003 MiAaPQ
005 20231204023219.0
006 m o d |
007 cr cnu||||||||
008 231204s2020 xx o ||||0 ger d
020 |a 9783839451847  |q (electronic bk.) 
020 |z 9783837651843 
035 |a (MiAaPQ)EBC6756927 
035 |a (Au-PeEL)EBL6756927 
035 |a (OCoLC)1158170019 
040 |a MiAaPQ  |b eng  |e rda  |e pn  |c MiAaPQ  |d MiAaPQ 
100 1 |a Schaad, Martin. 
245 1 4 |a Der Hochverrat des Amtmanns Povel Juel :  |b Ein mikrohistorischer Streifzug durch Europas Norden der Frühen Neuzeit. 
250 |a 1st ed. 
264 1 |a Bielefeld :  |b transcript,  |c 2020. 
264 4 |c {copy}2020. 
300 |a 1 online resource (252 pages) 
336 |a text  |b txt  |2 rdacontent 
337 |a computer  |b c  |2 rdamedia 
338 |a online resource  |b cr  |2 rdacarrier 
490 1 |a Histoire ;  |v v.176 
505 0 |a Intro -- Inhalt -- Umständliche Inhaltsangabe -- Prolog -- Von Prätendenten, Prozessen und Pyrrhonisten -- Rezeption -- Der vielfach dienliche Amtmann - Lesarten einer Verschwörung -- Im Blick der Zeitgenossen - Von Spottliedern, Flugschriften und allerlei Correspondenzen -- Die Fliege und der Elefant - Von der (De-)Konstruktion einer Drohung -- Revision -- Das (un-)bekannte Grönland - Von notoria und ignorantia facti -- Die erweiterte Anklage - Von inventirten und fingirten raisons -- Das nordische Großreich - Von zweifacher Prätention -- Crimen exceptum - Ein Exkurs -- Das Urteil - Von richterlicher Unerbittlichkeit und ungeahnter Wendung -- Spekulation -- Wenn nicht so, wie anders? -- Kabale und Liebe I - Von Hoffaktionen und ersten Verdrehungen -- Kabale und Liebe II - Von Amouretten und verhängnisvollen Affectionen -- Epilog -- Wieso, weshalb, warum?. 
588 |a Description based on publisher supplied metadata and other sources. 
590 |a Electronic reproduction. Ann Arbor, Michigan : ProQuest Ebook Central, 2023. Available via World Wide Web. Access may be limited to ProQuest Ebook Central affiliated libraries.  
655 4 |a Electronic books. 
776 0 8 |i Print version:  |a Schaad, Martin  |t Der Hochverrat des Amtmanns Povel Juel  |d Bielefeld : transcript,c2020  |z 9783837651843 
797 2 |a ProQuest (Firm) 
830 0 |a Histoire 
856 4 0 |u https://ebookcentral.proquest.com/lib/matrademy/detail.action?docID=6756927  |z Click to View